skbl

Dr Suryya Kumar Bhuyan Library Web-OPAC
ডঃ সূৰ্য্য
কুমাৰ ভূঞা পুথিভঁৰাল ৱেব-অ'পেক

All Research Scholars are advised to clear the annual library fees to continue using Library Resources, Remote Access, Plagiarism Test and Library Clearance.

Cotton University Book Fair 2026

Environmental ecology, biodiversity and climate change : (Record no. 65496)

MARC details
000 -LEADER
fixed length control field 00545nam a2200181Ia 4500
001 - CONTROL NUMBER
control field 64396
008 - FIXED-LENGTH DATA ELEMENTS--GENERAL INFORMATION
fixed length control field 210419n2017 ii |||gr||||Z||||||465
020 ## - INTERNATIONAL STANDARD BOOK NUMBER
International Standard Book Number 9788131606902
082 ## - DEWEY DECIMAL CLASSIFICATION NUMBER
Classification number 577
100 ## - MAIN ENTRY--PERSONAL NAME
Personal name Saxena, H. M.,
Relator term Author.,
245 #0 - TITLE STATEMENT
Title Environmental ecology, biodiversity and climate change :
Remainder of title towards sustainable development /
Statement of responsibility, etc. H. M. Saxena .
Medium Textual Documents
260 ## - PUBLICATION, DISTRIBUTION, ETC.
Place of publication, distribution, etc. New Delhi
Name of publisher, distributor, etc. Rawat Publications
Date of publication, distribution, etc. 2017
300 ## - PHYSICAL DESCRIPTION
Extent ix, 269 p.
653 ## - INDEX TERM--UNCONTROLLED
Uncontrolled term Ecology
653 ## - INDEX TERM--UNCONTROLLED
Uncontrolled term Biodiversity
653 ## - INDEX TERM--UNCONTROLLED
Uncontrolled term Climate change
942 ## - ADDED ENTRY ELEMENTS (KOHA)
Source of classification or shelving scheme Dewey Decimal Classification
Koha item type Books
Holdings
Withdrawn status Lost status Damaged status Not for loan Collection Home library Current library Shelving location Date acquired Source of acquisition Coded location qualifier Cost, normal purchase price Total checkouts Full call number Barcode Date last seen Copy number Price effective from Koha item type Public note
          Dr. Suryya Kumar Bhuyan Library Dr. Suryya Kumar Bhuyan Library   16/03/2021 23 00000 225.00   577 Sa16En 2450/cu/geog 14/01/2024 1 16/03/2021 Books 23

Designed and Maintained by Team SKBL
©1901-2026

Powered by Koha